Tư tưởng dân chủ của Phan Châu Trinh sau 100 năm nhìn lại /

সংরক্ষণ করুন:
গ্রন্থ-পঞ্জীর বিবরন
প্রধান লেখক: Đỗ Bang, PGS.TS.
বিন্যাস: প্রবন্ধ
ভাষা:Vietnamese
বিষয়গুলি:
ট্যাগগুলো: ট্যাগ যুক্ত করুন
কোনো ট্যাগ নেই, প্রথমজন হিসাবে ট্যাগ করুন!
Thư viện lưu trữ: Thư viện Trường Đại học Đà Lạt
LEADER 00741nam a2200253 4500
001 DLU090101425
005 ##20091202
040 # # |a DLU  |b vie 
041 # # |a vie 
044 # # |a vn 
100 # # |a Đỗ Bang,  |c PGS.TS. 
245 # # |a Tư tưởng dân chủ của Phan Châu Trinh sau 100 năm nhìn lại /  |c Đỗ Bang. 
653 # # |a Phan Châu Trinh, 1872-1926 
653 # # |a Tư tưởng dân chủ 
773 # # |t Huế xưa & nay  |g Số 74, 2006, tr. 23-27 
920 # # |a Phòng Tạp chí -- Trung tâm Thông tin - Thư viện Trường Đại học Đà Lạt 
994 # # |a DLU 
900 # # |a True 
911 # # |a Đào Thị Thu Huyền 
925 # # |a G 
926 # # |a A 
927 # # |a BB 
980 # # |a Thư viện Trường Đại học Đà Lạt